Alcoy (Record no. 142087)

MARC details
000 -LEADER
campo de control de longitud fija 00801nam a2200229 i 4500
001 - NÚMERO DE CONTROL
campo de control 142087
003 - IDENTIFICADOR DE NÚMERO DE CONTROL
campo de control ES-MaACL
005 - FECHA Y HORA DE LA ÚLTIMA TRANSACCIÓN
campo de control 20260227163007.0
007 - CAMPO FIJO DE DESCRIPCIÓN FÍSICA--INFORMACIÓN GENERAL
campo de control de longitud fija t|
008 - DATOS DE LONGITUD FIJA--INFORMACIÓN GENERAL
campo de control de longitud fija 071002s1959 sp ||||1| spa d
080 ## - NÚMERO DE LA CLASIFICACIÓN DECIMAL UNIVERSAL
Número de la Clasificación Decimal Universal 55(467.33 Alcoy)
100 1# - ENTRADA PRINCIPAL--NOMBRE DE PERSONA
Nombre de persona Visedo Moltó, Camilo.
9 (RLIN) 115484
245 10 - MENCIÓN DEL TÍTULO
Título Alcoy
Resto del título : geología : prehistoria /
Mención de responsabilidad, etc. Camilo Visedo Moltó.
260 ## - PUBLICACIÓN, DISTRIBUCIÓN, ETC.
Lugar de publicación, distribución, etc. Alcoy :
Nombre del editor, distribuidor, etc. [s.n.],
Fecha de publicación, distribución, etc. 1959.
300 ## - DESCRIPCIÓN FÍSICA
Extensión 80 p. ;
Dimensiones 22 cm +
Material acompañante/anejo 1 map. pleg.
490 1# - MENCIÓN DE SERIE
Mención de serie Publicaciones del Instituto Alcoyano de Cultura "Andrés Sempere"
650 14 - PUNTO DE ACCESO ADICIONAL DE MATERIA--TÉRMINO DE MATERIA
Término de materia o nombre geográfico como elemento de entrada Geología-
Subdivisión geográfica Alcoy.
9 (RLIN) 13087
710 2# - ENTRADA AGREGADA--NOMBRE DE ENTIDAD CORPORATIVA
Nombre de entidad corporativa o nombre de jurisdicción como elemento de entrada Instituto Alcoyano de Cultura "Andrés Sempere"
9 (RLIN) 4790
830 0# - PUNTO DE ACCESO ADICIONAL DE SERIE-TÍTULO UNIFORME
Título uniforme Publicaciones del Instituto Alcoyano de Cultura Andrés Sempere
9 (RLIN) 236300
852 ## - LOCALIZACIÓN
Ubicación ES-MaACL
Número de control de estantería C-16959
Sublocalización o colección R.44548
Holdings
Estatus retirado Estado de pérdida Estado de daño No para préstamo Biblioteca de origen Biblioteca actual Ubicación en estantería Fecha de adquisición Fuente de adquisición Total de préstamos Signatura topográfica completa Código de barras Visto por última vez Precio de reemplazo Tipo de ítem Koha
        Biblioteca del Ateneo de Madrid Biblioteca del Ateneo de Madrid Galería 17/01/2008     C-16959 1147841 23/02/2023 23/02/2023 Libro impreso